Desde mi sótano: Lo que la prensa calla, La situación del momento
Síntesis: En este boletín se dan a conocer, varias noticias y cada noticia contiene un titulo donde tiene relación en el conflicto religioso a) Desde mi sótano que aparece en la primera plana de este folleto este pequeño parrafo da a entender que desde mi lugar obscuro será testigó de lo que esta pa...
Gespeichert in:
| 1. Verfasser: | |
|---|---|
| Format: | Buch |
| Schlagworte: | |
| Tags: |
Keine Tags, Fügen Sie das erste Tag hinzu!
|
MARC
| LEADER | 00000nam^a2200000^a^4500 | ||
|---|---|---|---|
| 001 | 000250954 | ||
| 005 | 20250526000000.0 | ||
| 009 | 20260310105835.731 | ||
| 035 | |a R01958 | ||
| 037 | |a Acervo Xavier Clavigero | ||
| 082 | |a 21. 5 |b PEL | ||
| 100 | |a Pellico, Silvio |e (autor) | ||
| 245 | 1 | 0 | |a Desde mi sótano: |b Lo que la prensa calla, La situación del momento |
| 264 | |a México : |b Destinatario: Público en General, |c 1926 | ||
| 300 | |a 2 fojas, impreso copia, 1 ej., 15.5x19.9cms. | ||
| 336 | |a texto |b txt |2 rdacontenido | ||
| 337 | |a sin mediación |b n |2 rdamedio | ||
| 338 | |a volumen |b nc |2 rdasoporte | ||
| 520 | |a Síntesis: En este boletín se dan a conocer, varias noticias y cada noticia contiene un titulo donde tiene relación en el conflicto religioso a) Desde mi sótano que aparece en la primera plana de este folleto este pequeño parrafo da a entender que desde mi lugar obscuro será testigó de lo que esta pasando con el problema religioso. | ||
| 598 | |a Boletín | ||
| 598 | |a En la biblioteca del ILFC, Guadalajara, Jal. | ||
| 598 | |a Lugares que cita el documento: México, Irapuato, Sahuayo | ||
| 649 | |a XX | ||
| 650 | |a * Propaganda - |x LNDLR | ||
| 650 | |a Guerra Cristera | ||
| 650 | |a * Prensa | ||
| 650 | |a * Covarrubias, José | ||
| 910 | |a Fondo Jesús Gómez Fregoso S.J. FXC | ||
| 920 | |a Impresos - Documentos | ||
| 930 | |a Libros Antiguos y Raros | ||
| 940 | |a Guerra Cristera | ||
| 905 | |a 110 | ||
| 901 | |a R01958 |b IT2 |c LRA |i R01958 |u 20250526 | ||
| 902 | |a https://opac.biblio.iteso.mx/vufind/Record/000250954 | ||